00939nab a2200205 i 4500001000400000003000400004005001700008008003900025040000800064080002000072100012000092245007800212260001000290500002100300520020700321650001500528650001700543650004000560773013300600BPPBPK20151019131816.0151019s2002 pl | | |000 ||pol cBPK a338.48-44(1-88) aBORZYSZKOWSKI, Jacek.d1999 - .bPolitechnika Koszalińska - Wydział Ekonomii i Zarządzania,cKatedra Turystyki aBaza noclegowa województwa zachodniopomorskiego /cJacek Borzyszkowski. c2002. aDane z autopsji. aPraca ma ukazać jakim potencjałem turystycznym, w skali całego kraju, dysponuje województwo zachodniopomorskie, a także przestrzenne rozmieszczenie funkcji turystycznej w obrębie tego regionu. 0aTurystyka. 0aHotelarstwo. 0aZachodniopomorskie, województwo.  iW :tKoszalińskie Studia i Materiały. -dKoszalin : Wydaw. Uczelniane Politechniki Koszalińskiej, 2002. -gnr 4, s. 139-148